[Event "POL-chT3 Kujawsko Pomorskie 1011"]
[Site "Poland"]
[Date "2010.11.21"]
[Round "2.27"]
[White "Chrapkowski, Grzegorz"]
[Black "Gajek, Radoslaw"]
[Result "1/2-1/2"]
[WhiteElo "2207"]
[BlackElo "1923"]
[PlyCount "121"]
[EventDate "2010.11.07"]
[EventType "team-tourn"]
[EventRounds "11"]
[EventCountry "POL"]
[SourceTitle "EXT 2019"]
[Source "ChessBase"]
[SourceDate "2018.10.10"]
[SourceVersion "1"]
[SourceVersionDate "2018.10.10"]
[SourceQuality "1"]

1. c4 Nf6 2. Nc3 c5 3. g3 d5 4. cxd5 Nxd5 5. Bg2 Nc7 6. Nf3 Nc6 7. 0-0 e5 8. d3 Be7 9. Be3 0-0 10. Rc1 Be6 11. Qd2 f6 12. Ne1 Qd7 13. f4 Rfd8 14. Nf3 exf4 15. gxf4 b6 16. b3 Rac8 17. Kh1 Nd4 18. Rcd1 Na6 19. Bg1 Nb4 20. Ne1 Bh3 21. e3 Bxg2+ 22. Qxg2 Nb5 23. Nxb5 Qxb5 24. Qe4 Nxa2 25. Ra1 Nc3 26. Qc4+ Qxc4 27. bxc4 b5 28. Rxa7 bxc4 29. dxc4 Kf8 30. f5 Rd1 31. Kg2 Rb8 32. Nf3 Rb2+ 33. Rf2 Rb4 34. Ra3 Ne4 35. Rc2 Nd6 36. Nd2 Nxf5 37. Bf2 Rb8 38. e4 Nh6 39. h3 Nf7 40. Ra5 Ng5 41. Bxc5 Bxc5 42. Rxc5 Rxd2+ 43. Rxd2 Nxe4 44. Rdd5 Nxc5 45. Rxc5 Rb7 46. Kf3 Ke7 47. Ke4 Kd6 48. Ra5 Rc7 49. Kd4 g5 50. c5+ Ke6 51. Ra6+ Kf5 52. Kd5 h5 53. Kd6 Rc8 54. c6 g4 55. Ra5+ Kf4 56. Rxh5 g3 57. Rh4+ Kf3 58. Rg4 f5 59. Rg7 g2 60. c7 Kf2 61. Kd7 1/2-1/2

[Event "POL-chT3 Kujawsko Pomorskie 1011"]
[Site "Poland"]
[Date "2010.11.07"]
[Round "1.3"]
[White "Wisniewski, Przemyslaw"]
[Black "Chrapkowski, Grzegorz"]
[Result "1/2-1/2"]
[WhiteElo "2061"]
[BlackElo "2207"]
[PlyCount "65"]
[EventDate "2010.11.07"]
[EventType "team-tourn"]
[EventRounds "11"]
[EventCountry "POL"]
[SourceTitle "EXT 2019"]
[Source "ChessBase"]
[SourceDate "2018.10.10"]
[SourceVersion "1"]
[SourceVersionDate "2018.10.10"]
[SourceQuality "1"]

1. d4 c5 2. c3 e6 3. Nf3 d5 4. Bf4 Nc6 5. e3 Nf6 6. h3 Bd6 7. Bxd6 Qxd6 8. Be2 0-0 9. Nbd2 e5 10. dxe5 Nxe5 11. Nxe5 Qxe5 12. Nf3 Qe7 13. Bd3 Be6 14. 0-0 h6 15. Qe2 Rfe8 16. c4 dxc4 17. Bxc4 Bxc4 18. Qxc4 b6 19. Rfd1 Rad8 20. Qc2 Rxd1+ 21. Rxd1 Rd8 22. Rd2 Rxd2 23. Qxd2 Qd7 24. Qxd7 Nxd7 25. Kf1 Kf8 26. Ke2 Ke7 27. Kd2 Kd6 28. Kc3 b5 29. b3 g6 30. Ne1 a6 31. Nc2 b4+ 32. Kd2 Nb6 33. Kd3 1/2-1/2

[Event "POL-chT4 Kujawsko Pomorskie 0910"]
[Site "Poland"]
[Date "2009.12.20"]
[Round "4.2"]
[White "Chrapkowski, Grzegorz"]
[Black "Darowicki, Mariusz"]
[Result "1/2-1/2"]
[WhiteElo "2209"]
[BlackElo "1878"]
[PlyCount "131"]
[EventDate "2009.11.08"]
[EventType "team-swiss"]
[EventRounds "11"]
[EventCountry "POL"]
[SourceTitle "EXT 2020"]
[Source "ChessBase"]
[SourceDate "2019.10.17"]
[SourceVersion "1"]
[SourceVersionDate "2019.10.17"]
[SourceQuality "1"]

1. c4 e5 2. Nc3 Nf6 3. Nf3 Nc6 4. e3 d5 5. d4 exd4 6. Nxd4 Nxd4 7. Qxd4 Be6 8. cxd5 Nxd5 9. a3 Be7 10. Be2 Nxc3 11. Qxc3 0-0 12. 0-0 Bf6 13. Qc2 c6 14. Bc4 Bxc4 15. Qxc4 Qd7 16. Ra2 Rad8 17. b4 Qd5 18. Rc2 Qxc4 19. Rxc4 Rd3 20. f4 Rfd8 21. Kf2 g6 22. Kf3 Rb3 23. Rf2 Rd1 24. Rfc2 h5 25. Ke2 Rh1 26. h3 Bh4 27. Bd2 Ra1 28. Kf3 Rf1+ 29. Ke4 Kf8 30. R4c3 Rbb1 31. Kd3 Rg1 32. Bc1 Bf6 33. Rc4 Ke7 34. a4 Rb3+ 35. Ke4 Bh4 36. f5 gxf5+ 37. Kxf5 Rf1+ 38. Rf4 Rxf4+ 39. exf4 Kd7 40. Bd2 Rd3 41. Ke4 Rd5 42. g4 Be7 43. Be3 Bxb4 44. Bxa7 hxg4 45. hxg4 Ra5 46. Bb6 Ra6 47. a5 Bxa5 48. Bxa5 Rxa5 49. g5 Ke6 50. Rb2 Ra4+ 51. Ke3 b5 52. Rc2 Kd6 53. Rd2+ Kc7 54. Rh2 Kd6 55. Rd2+ Ke6 56. Rc2 Ra6 57. Ke4 Rb6 58. f5+ Ke7 59. Ke5 b4 60. g6 Rb5+ 61. Ke4 fxg6 62. fxg6 Kf6 63. Kd4 Kxg6 64. Kc4 b3 65. Rb2 Kf5 66. Rxb3 1/2-1/2

[Event "POL-chT3 Kujawsko Pomorskie 0809"]
[Site "Poland"]
[Date "2008.12.21"]
[Round "4.2"]
[White "Matusiak, Andrzej"]
[Black "Chrapkowski, Grzegorz"]
[Result "0-1"]
[WhiteElo "1788"]
[BlackElo "2213"]
[PlyCount "36"]
[EventDate "2008.11.09"]
[EventType "team-tourn"]
[EventRounds "11"]
[EventCountry "POL"]
[SourceTitle "EXT 2019"]
[Source "ChessBase"]
[SourceDate "2018.10.10"]
[SourceVersion "1"]
[SourceVersionDate "2018.10.10"]
[SourceQuality "1"]

1. e4 c5 2. Nf3 Nc6 3. d4 cxd4 4. Nxd4 g6 5. c3 Bg7 6. Be3 Nf6 7. f3 0-0 8. Bd3 Ne5 9. Nc2 d5 10. exd5 Nxd5 11. Bf2 Nxd3+ 12. Qxd3 Bf5 13. Qb5 a6 14. Qb3 Bd3 15. c4 Bxc4 16. Qxc4 Bxb2 17. Bd4 Rc8 18. Qb3 Bxd4 0-1

[Event "POL-chT3 Kujawsko Pomorskie 0708"]
[Site "Poland"]
[Date "2008.01.13"]
[Round "5.33"]
[White "Chrapkowski, Grzegorz"]
[Black "Grochowalski, Pawel"]
[Result "1-0"]
[WhiteElo "2218"]
[BlackElo "2108"]
[PlyCount "77"]
[EventDate "2007.11.04"]
[EventType "team-tourn"]
[EventRounds "11"]
[EventCountry "POL"]
[SourceTitle "EXT 2019"]
[Source "ChessBase"]
[SourceDate "2018.10.10"]
[SourceVersion "1"]
[SourceVersionDate "2018.10.10"]
[SourceQuality "1"]

1. c4 Nf6 2. Nc3 g6 3. e4 d6 4. d4 Bg7 5. f3 0-0 6. Nge2 c6 7. Be3 e5 8. Qd2 Nbd7 9. 0-0-0 Qe7 10. Kb1 Rd8 11. Nc1 a6 12. Nb3 exd4 13. Bxd4 c5 14. Be3 Bf8 15. Bg5 Nb6 16. Nxc5 Be6 17. Nxb7 Qxb7 18. Bxf6 Rdc8 19. Nd5 Nxc4 20. Bxc4 Rxc4 21. Rc1 Rc5 22. Rxc5 dxc5 23. Nf4 Bh6 24. Qd6 Re8 25. Nxe6 Rxe6 26. Qd8+ Bf8 27. Rd1 Qb5 28. Bc3 Qe2 29. Qd2 Qb5 30. Qd3 Qa4 31. b3 Qc6 32. Qd7 Qb6 33. Bb2 h5 34. Qd8 Qb5 35. Qd3 Bg7 36. Qxb5 axb5 37. Rd5 Bxb2 38. Kxb2 f5 39. e5 1-0

[Event "POL-chT3 0607"]
[Site "Poland"]
[Date "2007.03.04"]
[Round "9.26"]
[White "Wisniewski, Przemyslaw"]
[Black "Chrapkowski, Grzegorz"]
[Result "1/2-1/2"]
[WhiteElo "2126"]
[BlackElo "2220"]
[PlyCount "23"]
[EventDate "2006.11.12"]
[EventType "team"]
[EventRounds "11"]
[EventCountry "POL"]
[SourceTitle "EXT 2009"]
[Source "ChessBase"]
[SourceDate "2008.11.26"]
[SourceVersion "1"]
[SourceVersionDate "2008.11.26"]
[SourceQuality "1"]

1. e4 c5 2. Nf3 Nc6 3. d4 cxd4 4. Nxd4 Nf6 5. Nc3 e5 6. Ndb5 h6 7. Nd6+ Bxd6 8. Qxd6 Qe7 9. Qxe7+ Kxe7 10. Be3 d6 11. f3 Be6 12. a3 1/2-1/2

[Event "POL-chT3 0607"]
[Site "Poland"]
[Date "2007.01.28"]
[Round "6.2"]
[White "Chrapkowski, Grzegorz"]
[Black "Wojciechowski, Robert"]
[Result "1-0"]
[WhiteElo "2220"]
[BlackElo "1904"]
[PlyCount "84"]
[EventDate "2006.11.12"]
[EventType "team"]
[EventRounds "11"]
[EventCountry "POL"]
[SourceTitle "EXT 2009"]
[Source "ChessBase"]
[SourceDate "2008.11.26"]
[SourceVersion "1"]
[SourceVersionDate "2008.11.26"]
[SourceQuality "1"]

1. c4 e6 2. Nc3 d5 3. d4 Nf6 4. Nf3 c6 5. Qb3 Nbd7 6. Bg5 Be7 7. e3 0-0 8. cxd5 exd5 9. Bd3 Re8 10. 0-0 Ne4 11. Bxe4 Bxg5 12. Bd3 Bf6 13. a4 a5 14. e4 dxe4 15. Nxe4 Nf8 16. Nxf6+ Qxf6 17. Bc4 Ng6 18. Rfe1 Bg4 19. Ne5 Be6 20. Qxb7 Bxc4 21. Nxc4 Reb8 22. Qd7 Rd8 23. Qc7 Qxd4 24. Nxa5 Rdc8 25. Nxc6 Qxb2 26. Ne7+ Nxe7 27. Qxe7 h6 28. g3 Rc2 29. Qe4 Rac8 30. Qf5 g6 31. Qf4 h5 32. Reb1 Qc3 33. a5 Ra8 34. a6 Rb2 35. Rxb2 Qxb2 36. Qa4 Qb6 37. a7 Qb7 38. h4 Kg7 39. Qa6 Qc7 40. Qa5 Qb7 41. Qc3+ Kh7 42. Kh2 Rc8 1-0

[Event "Bydgoszcz-Torun"]
[Site "Bydgoszcz"]
[Date "2002.12.15"]
[Round "1"]
[White "Chrapkowski, Grzegorz"]
[Black "Wasilewski, Bartlomiej"]
[Result "1/2-1/2"]
[WhiteElo "2208"]
[BlackElo "2117"]
[PlyCount "58"]
[EventDate "2002.12.15"]
[EventType "team-match"]
[EventRounds "1"]
[EventCountry "POL"]
[SourceTitle "EXT 2018"]
[Source "ChessBase"]
[SourceDate "2017.10.13"]
[SourceVersion "1"]
[SourceVersionDate "2017.10.13"]
[SourceQuality "1"]

1. c4 e5 2. Nc3 Bb4 3. Nd5 a5 4. e3 Nf6 5. Nxb4 axb4 6. d4 exd4 7. exd4 d5 8. c5 b6 9. cxb6 c6 10. b7 Bxb7 11. Nf3 Ba6 12. Bxa6 Rxa6 13. Qe2+ Qe7 14. Qxe7+ Kxe7 15. 0-0 Ne4 16. Re1 Re8 17. Bd2 Rb6 18. a3 bxa3 19. bxa3 Na6 20. Ne5 f6 21. Nc4 Rb3 22. f3 dxc4 23. Rxe4+ Kd7 24. Rc1 Rxe4 25. fxe4 Rd3 26. Bc3 c5 27. dxc5 Nxc5 28. e5 fxe5 29. Bxe5 Rxa3 1/2-1/2

[Event "POL-chT 2nd div North"]
[Site "Lublin"]
[Date "1999.??.??"]
[Round "1"]
[White "Cichocki, Adam"]
[Black "Chrapkowski, Grzegorz"]
[Result "1-0"]
[WhiteElo "2375"]
[BlackElo "2245"]
[PlyCount "63"]
[EventDate "1999.09.11"]
[EventType "team-swiss"]
[EventRounds "8"]
[EventCountry "POL"]
[SourceTitle "EXT 2003"]
[Source "ChessBase"]
[SourceDate "2002.11.25"]
[SourceVersion "1"]
[SourceVersionDate "2002.11.25"]
[SourceQuality "1"]
[WhiteTeam "Gdanski Tama Jantar Pruszcz"]
[BlackTeam "Kujawski Solec"]
[WhiteTeamCountry "POL"]
[BlackTeamCountry "POL"]

1. d4 c5 2. d5 e5 3. e4 d6 4. Nc3 Be7 5. Be2 Nf6 6. Nf3 0-0 7. Nd2 Ne8 8. 0-0 Bg5 9. Nc4 Bxc1 10. Qxc1 Qe7 11. a4 Nd7 12. a5 g6 13. f4 exf4 14. Qxf4 f6 15. Bg4 a6 16. Be6+ Kh8 17. Rae1 g5 18. Qg3 h6 19. Nd1 h5 20. Nde3 h4 21. Qg4 Ng7 22. Nf5 Nxf5 23. Bxf5 Ne5 24. Qh5+ Kg8 25. Nxd6 Bxf5 26. Nxf5 Qc7 27. d6 Qxa5 28. Qh6 Rf7 29. Ne7+ Rxe7 30. dxe7 c4 31. Qxf6 Qc5+ 32. Kh1 1-0

[Event "POL-chT 2nd div North"]
[Site "Lublin"]
[Date "1999.??.??"]
[Round "8"]
[White "Krainski, Slawomir"]
[Black "Chrapkowski, Grzegorz"]
[Result "1-0"]
[WhiteElo "2215"]
[BlackElo "2245"]
[PlyCount "55"]
[EventDate "1999.09.11"]
[EventType "team-swiss"]
[EventRounds "8"]
[EventCountry "POL"]
[SourceTitle "EXT 2003"]
[Source "ChessBase"]
[SourceDate "2002.11.25"]
[SourceVersion "1"]
[SourceVersionDate "2002.11.25"]
[SourceQuality "1"]
[WhiteTeam "Swiecie Gambit"]
[BlackTeam "Kujawski Solec"]
[WhiteTeamCountry "POL"]
[BlackTeamCountry "POL"]

1. e4 c5 2. Nc3 Nc6 3. f4 g6 4. Nf3 Bg7 5. Bc4 d6 6. 0-0 Nf6 7. d3 0-0 8. Qe1 e6 9. f5 Nd4 10. Nxd4 cxd4 11. Ne2 d5 12. exd5 Nxd5 13. Bxd5 Qxd5 14. f6 Bh8 15. Ng3 e5 16. Ne4 Bf5 17. Rxf5 Rac8 18. Bh6 Rxc2 19. Rf2 Rc6 20. Rc1 Qxa2 21. Rfc2 Qa6 22. Rxc6 bxc6 23. Nc5 Qb6 24. Qxe5 Qd8 25. Ne4 Qd5 26. Qe7 a5 27. Nd6 Qa2 28. Re1 1-0

[Event "POL-chT 37th"]
[Site "Lubniewice"]
[Date "1981.10.??"]
[Round "5"]
[White "Chrapkowski, Grzegorz"]
[Black "Flis, Jacek"]
[Result "1/2-1/2"]
[WhiteElo "2240"]
[BlackElo "2310"]
[PlyCount "63"]
[EventDate "1981.10.10"]
[EventType "team-swiss"]
[EventRounds "7"]
[EventCountry "POL"]
[SourceTitle "EXT 2019"]
[Source "ChessBase"]
[SourceDate "2018.10.10"]
[SourceVersion "1"]
[SourceVersionDate "2018.10.10"]
[SourceQuality "1"]
[WhiteTeam "Bydgoszcz Lacznosc"]
[BlackTeam "Czestochowa Skra-Komobex"]
[WhiteTeamCountry "POL"]
[BlackTeamCountry "POL"]

1. c4 g6 2. Nc3 Bg7 3. d4 Nf6 4. e4 d6 5. f3 0-0 6. Be3 c6 7. Qd2 a6 8. a4 a5 9. Bd3 e5 10. Nge2 Qe7 11. d5 Na6 12. 0-0 Nb4 13. Bb1 Ne8 14. dxc6 bxc6 15. Rd1 Be6 16. b3 Qb7 17. Nc1 Rd8 18. Nd3 Nc7 19. Nxb4 Qxb4 20. Bc2 Qb7 21. Rab1 Na6 22. Na2 Qc7 23. Qc3 Rb8 24. Bd2 Nb4 25. Nxb4 axb4 26. Qe3 Bf6 27. Qe1 c5 28. Bh6 Bg7 29. Bxg7 Kxg7 30. Rd3 Qe7 31. Rbd1 Rb6 32. R1d2 1/2-1/2

[Event "POL-chT 37th"]
[Site "Lubniewice"]
[Date "1981.10.??"]
[Round "1"]
[White "Chrapkowski, Grzegorz"]
[Black "Sznapik, Aleksander"]
[Result "0-1"]
[WhiteElo "2240"]
[BlackElo "2470"]
[PlyCount "42"]
[EventDate "1981.10.10"]
[EventType "team-swiss"]
[EventRounds "7"]
[EventCountry "POL"]
[SourceTitle "EXT 2019"]
[Source "ChessBase"]
[SourceDate "2018.10.10"]
[SourceVersion "1"]
[SourceVersionDate "2018.10.10"]
[SourceQuality "1"]
[WhiteTeam "Bydgoszcz Lacznosc"]
[BlackTeam "Warszawa Maraton"]
[WhiteTeamCountry "POL"]
[BlackTeamCountry "POL"]

1. f4 d5 2. Nf3 Nf6 3. b3 g6 4. Bb2 Bg7 5. e3 0-0 6. Be2 c5 7. 0-0 b6 8. a4 a6 9. Qe1 Bb7 10. Qh4 Nc6 11. d3 Qd6 12. Nbd2 Nb4 13. Rac1 h6 14. Ne5 b5 15. g4 d4 16. e4 g5 17. fxg5 hxg5 18. Qg3 Nfd5 19. Nec4 Qxg3+ 20. hxg3 bxc4 21. Nxc4 Nc7 0-1